000
00290nam a22001337a 4500
008
180730b xxu||||| |||| 00| 0 eng d
082
_a
813.52
245
_a
Review for USMLE
_c
Lozo, J.S
260
_c
2006
300
_a
1
_f
CD
440
_x
18006383030
760
_b
7th
942
_2
ddc
_c
MX
999
_c
46672
_d
46672